العرب والاتراك الانبعاث والتحديث من العثمنة الى العلمنة / (Record no. 50908)
[ view plain ]
| 000 -الفاتح | |
|---|---|
| حقل البيانات ثابتة الطول | 00766nam a2200205Ia 4500 |
| 008 - عناصر البيانات ثابتة الطول - معلومات عامة | |
| حقل البيانات ثابتة الطول | 140319s9999 xx 000 0 ara d |
| 040 ## - مصدر الفهرسة | |
| وكالة الفهرسة الأصلية | GCL / |
| وكالة النسخ | GCL |
| 082 04 - رقم تصنيف ديوى العشرى | |
| رقم التصنيف | 320.9651 |
| رقم المادة | س ع |
| 100 1# - المدخل الرئيسى - إسم شخصى | |
| الإسم الشخصى | سيار الجميل |
| 245 10 - بيان العنوان | |
| العنوان | العرب والاتراك الانبعاث والتحديث من العثمنة الى العلمنة / |
| بيان المسئوليه,etc | سيار الجميل |
| 300 ## - الوصف المادى | |
| التعداد | 386 ص |
| 490 ## - بيان السلسلة | |
| عنوان السلسلة | مركز دراسات الوحده العربية |
| رقم المجلد/ التعيين التسلسلي | 0 |
| 650 04 - المدخل الاضافى بالموضوع-مصطلح موضوعى | |
| مصطلح موضوعي | السياسة |
| 650 04 - المدخل الاضافى بالموضوع-مصطلح موضوعى | |
| مصطلح موضوعي | العلمانية, تركيا |
| 650 04 - المدخل الاضافى بالموضوع-مصطلح موضوعى | |
| مصطلح موضوعي | التحديث - تركيا |
| 650 04 - المدخل الاضافى بالموضوع-مصطلح موضوعى | |
| مصطلح موضوعي | تركيا - العلاقات الخارجية - البلدان العربية |
| 650 04 - المدخل الاضافى بالموضوع-مصطلح موضوعى | |
| مصطلح موضوعي | تركيا - التنمية الاقتصادية |
| 942 ## - عناصر المدخل الإضافي( كوها) | |
| مصدر التصنيف او مخطط الترفيف | Dewey Decimal Classification |
| Koha [default] item type | كتاب |
| حالة التراجع | حالة الفقد | حالة تلف | ليس للاعارة | المكان المؤقت | الموقع الحالى | تاريخ الاكتساب | اجمالي اﻻعارات | رقم الطلب | الباركود | تاريخ اخر مشاهدة | تاريخ تفعيل السعر | نوع وعاء كوها |
|---|---|---|---|---|---|---|---|---|---|---|---|---|
| مكتبة القاهرة الكبرى | مكتبة القاهرة الكبرى | 03/26/2014 | 320.9651\س ع | 122062 | 03/26/2014 | 03/26/2014 | كتاب |

